000 00863nas a2200265 4500
001 BR9210729
003 BR-BrBNA
005 20231205093421.0
007 ta
008 230509b bl.|||p| |||| 00| 00por d
040 _aBR-BrBNA
_bpor
_cBiblioteca Nacional de Agricultura
041 _a(En)
072 _aH10
100 1 _aBraga Sobrinho, R.
100 1 _aYoung, J.H.
100 1 _aYoung, L.J.
245 1 _aVertical distribution of eggs and larvae of the bollworm within the cotton plant
246 1 _aVertical distribution of eggs and larvae of the bollworm within the cotton plant
650 _aALGODAO
650 _aLAGARTA
650 _aBIOLOGIA
773 0 _tPesquisa Agropecuaria Brasileira (Brazil)
_xISSN 0100-204X
_g(Nov-Dec 1991), v. 26(11-12) p. 1873-1878
_wBR9210729
909 _a202311
_bLúcia
_c55
_dLúcia Elande
942 _2AGRIS
_n0
_cANA
999 _c138184
_d138184